| 000 | 01492cam a2200349 a 4500 | ||
|---|---|---|---|
| 005 | 20260322212011.0 | ||
| 008 | data | ||
| 010 | _a 95002353 | ||
| 020 | _a1558743324 (hard cover) | ||
| 020 | _a1558743316 (trade paper) | ||
| 020 | _a9781558743311 (trade paper) | ||
| 020 | _a9781558743328 (hard cover) | ||
| 040 |
_aDLC _cDLC _dDLC |
||
| 050 | 0 | 0 |
_aBL624 _b.C457 1995 |
| 082 | 0 | 0 |
_a158/.12 _220 |
| 245 | 0 | 2 |
_aA 2nd helping of chicken soup for the soul : _b101 more stories to open the heart and rekindle the spirit / _c[compiled by] Jack Canfield and Mark Victor Hansen. |
| 246 | 3 | _aSecond helping of chicken soup for the soul. | |
| 260 |
_aDeerfield Beach, Fla. : _bHealth Communications, _cc1995. |
||
| 300 |
_axix, 329 p. : _bill. ; _c22 cm. |
||
| 650 | 0 | _aSpiritual life. | |
| 700 | 1 |
_aCanfield, Jack, _d1944- |
|
| 700 | 1 | _aHansen, Mark Victor. | |
| 730 | 0 | _aChicken soup for the soul. | |
| 856 | 4 | 2 |
_3Publisher description _uhttp://www.loc.gov/catdir/enhancements/fy0727/95002353-d.html |
| 856 | 4 | 1 |
_3Sample text _uhttp://www.loc.gov/catdir/enhancements/fy0727/95002353-s.html |
| 856 | 4 | 2 |
_3Contributor biographical information _uhttp://www.loc.gov/catdir/enhancements/fy0735/95002353-b.html |
| 906 |
_a7 _bcbc _corignew _d1 _eocip _f19 _gy-gencatlg |
||
| 920 | _a**LC HAS REQ'D # OF SHELF COPIES** | ||
| 991 |
_bc-GenColl _hBL624 _i.C457 1995 _tCopy 1 _wBOOKS |
||
| 001 | data | ||
| 999 |
_c237 _d237 |
||